000
00214nam a22000857a 4500
008
160701b xxu||||| |||| 00| 0 eng d
100
_9
1746
_a
Kennedy, J
245
_a
Understanding Sets
260
_a
India
_b
Heineman
_c
1970
999
_c
1452
_d
1452